Winnie the pooh and tigger too (Record no. 52971)

MARC details
000 -LEADER
fixed length control field 00601nam a2200229 i 4500
001 - CONTROL NUMBER
control field C2-0237288
003 - CONTROL NUMBER IDENTIFIER
control field PPAK
005 - DATE AND TIME OF LATEST TRANSACTION
control field 20180727200834.0
008 - FIXED-LENGTH DATA ELEMENTS--GENERAL INFORMATION
fixed length control field 011209s enka|||| ||||| | eng d
020 ## - INTERNATIONAL STANDARD BOOK NUMBER
International Standard Book Number 0721478433
040 ## - CATALOGING SOURCE
Original cataloging agency PPAK
Language of cataloging eng
Transcribing agency PPAK
Description conventions rda
082 04 - DEWEY DECIMAL CLASSIFICATION NUMBER
Classification number 428.6
Edition number 23
090 00 - LOCALLY ASSIGNED LC-TYPE CALL NUMBER (OCLC); LOCAL CALL NUMBER (RLIN)
Classification number (OCLC) (R) ; Classification number, CALL (RLIN) (NR) 428.6
Feature heading WIN
Feature heading K
245 00 - TITLE STATEMENT
Title Winnie the pooh and tigger too
264 #1 - PRODUCTION, PUBLICATION, DISTRIBUTION, MANUFACTURE, AND COPYRIGHT NOTICE
Place of production, publication, distribution, manufacture London :
Name of producer, publisher, distributor, manufacturer Ladybird Books ,
300 ## - PHYSICAL DESCRIPTION
Extent [24 pages] :
Other physical details colour illustrations ;
Dimensions 18 cm
336 ## - CONTENT TYPE
Source rdacontent
Content type term text
337 ## - MEDIA TYPE
Source rdamedia
Media type term unmediated
338 ## - CARRIER TYPE
Source rdacarrier
Carrier type term volume
650 10 - SUBJECT ADDED ENTRY--TOPICAL TERM
Topical term or geographic name entry element Readers
942 ## - ADDED ENTRY ELEMENTS (KOHA)
-- dc
Koha item type Book
Holdings
Withdrawn Not for loan Current library Shelving location Date acquired Full call number Barcode Date last seen Koha item type Total Checkouts Checked out Date last checked out
    Perpustakaan Awam Sungai Petani Pinjaman Kanak-kanak 09/12/2001 K 428.6 WIN A00982199 08/05/2018 Book      
    Perpustakaan Kulim Pinjaman Kanak-kanak 09/12/2001 K 428.6 WIN A00982201 19/04/2021 Book 1 22/07/2021 19/04/2021
    PD30, Bandar Baru Beris Jaya, Sik Pinjaman Kanak-kanak 08/06/2004 K 428.6 WIN A01064571 08/05/2018 Book